Science Quiz

Random Science or Clickable Quiz

Smallest-to-Largest Volumes Minefield Quiz Stats

 Plays Quiz Updated Dec 16, 2015

Challenge
Share
Tweet
Embed
Score 0/12 Timer 04:00
0 Plays Today
% Correct
???
99.5%
???
88.9%
???
70.8%
???
57.8%
???
48.1%
???
30.2%
???
29.3%
???
25.1%
???
16.9%
???
13.1%
???
12.8%
???
12.4%

You're not logged in!

Compare scores with friends on all Sporcle quizzes.
OR
Log In

You Might Also Like...

Show Comments

Extras

Top Quizzes Today


Score Distribution

Your Account Isn't Verified!

In order to create a playlist on Sporcle, you need to verify the email address you used during registration. Go to your Sporcle Settings to finish the process.

Report this User

Report this user for behavior that violates our Community Guidelines.

Details: